| 000 | 00548nam a22002177a 4500 | ||
|---|---|---|---|
| 005 | 20170124110117.0 | ||
| 010 | _a198264 | ||
| 020 | _c00.00 | ||
| 035 | _a198264 | ||
| 037 | _bCen Lib/Ret | ||
| 040 |
_aDPL _bEN |
||
| 082 |
_aN _bWAR |
||
| 100 |
_aWarren, Robert Penn _930257 |
||
| 245 |
_aWilderness / _cby Robert Penn Warenn |
||
| 260 |
_bEyre & spottiswoode _aLondon _c1962 |
||
| 270 | _bLondon | ||
| 300 |
_a255p. _c19cm(Hb) |
||
| 650 |
_aEnglish literature _930258 |
||
| 650 |
_aEnglish novel _914422 |
||
| 942 |
_2ddc _cEN _hN _mWAR |
||
| 999 |
_c130850 _d130850 |
||